000 01012nam a2200289 a 4500
001 2058400
003 ARRUPE
005 20140612130612.0
008 930601s1992 sa a b 001 0 eng
010 _a 93160369
020 _a1868124428
040 _aDLC
_cDLC
043 _afs-----
050 0 0 _aQL677.5
_b.N48 1992
082 0 0 _a598/.07234
_220
100 1 _aNewman, Kenneth B.
_910900
245 1 0 _aBeating about the bush :
_bthe idiot's guide to birdwatching /
_cKenneth Newman ; cartoons by Dr. Jack.
250 _a1st ed.
260 _aHalfway House :
_bSouthern Book Publishers,
_c1992.
300 _avii, 103 p. :
_bill. ;
_c21 cm.
504 _aIncludes bibliographical references (p. 94) and index.
650 0 _aBird watching.
_910901
650 0 _aBird watching
_zAfrica, Southern.
_910902
906 _a7
_bcbc
_corignew
_d3
_encip
_f19
_gy-gencatlg
942 _2lcc
_cSPC
999 _c120730
_d120730